10 Math question in 1 minute - Statistics

General Stats
  • This quiz has been taken 55 times
  • The average score is 9 of 10
Answer Stats
Question Answer % Correct
6 x 12 72
98%
44 + 43 87
98%
19 x 5 95
96%
82 - 58 24
90%
4-20 -16
85%
34 x 3 102
83%
49 + 93 142
83%
7 x 28 196
77%
71 + 65 136
75%
63 x 5 315
71%
No matching quizzes found
Score Distribution
Percent of People with Each Score
Percentile by Number Answered
Your Score History
You have not taken this quiz